Electoral dynamics in the Philippines : money politics, patronage, and clientelism at the grassroots /

Bibliographic Details
Other Authors: Hicken, Allen, 1969- (Editor), Aspinall, Edward (Editor), Weiss, Meredith L. (Meredith Leigh), 1972- (Editor)
Format: Book
Language:English
Published: Singapore : NUS Press, [2019]
Subjects:

MARC

Tag First Indicator Second Indicator Subfields
LEADER 00000cam a2200000Ii 4500
001 in00004096621
005 20200117110405.0
008 190326t20192019si ab b 001 0 eng d
020 |a 9789813250529  |q paperback 
020 |a 9813250526  |q paperback 
035 |a (OCoLC)on1090691401 
040 |a SINLB  |e rda  |c SINLB  |d BDX  |d YDX  |d UtOrBLW 
043 |a a-ph--- 
049 |a TXAM 
050 4 |a JQ1418  |b .E44 2019 
082 0 |a 324.709599  |2 23 
245 0 0 |a Electoral dynamics in the Philippines :  |b money politics, patronage, and clientelism at the grassroots /  |c edited by Allen Hicken, Edward Aspinall, and Meredith Weiss. 
264 1 |a Singapore :  |b NUS Press,  |c [2019] 
264 4 |c ©2019 
300 |a x, 357 pages :  |b illustrations, maps ;  |c 23 cm. 
336 |a text  |b txt  |2 rdacontent 
337 |a unmediated  |b n  |2 rdamedia 
338 |a volume  |b nc  |2 rdacarrier 
504 |a Includes bibliographical references (pages 332-344) and index. 
650 0 |a Elections  |z Philippines  |y 21st century. 
650 0 |a Elections  |x Corrupt practices  |z Philippines. 
650 0 |a Politics, Practical  |z Philippines  |y 21st century. 
651 0 |a Philippines  |x Politics and government  |y 21st century. 
700 1 |a Hicken, Allen,  |d 1969-  |e editor.  |0 http://id.loc.gov/authorities/names/n2008035659 
700 1 |a Aspinall, Edward,  |e editor.  |0 http://id.loc.gov/authorities/names/no99050061 
700 1 |a Weiss, Meredith L.  |q (Meredith Leigh),  |d 1972-  |e editor.  |0 http://id.loc.gov/authorities/names/n2002104250 
945 |b 267048 
947 |a A14850812208 
948 |a cataloged  |b h  |c 2019/12/17  |d c  |e dmitchel  |f 10:10:10 am 
994 |a 92  |b TXA 
999 f f |s f70dd827-74c0-344a-a39f-185c5be60921  |i 3f897084-d872-3066-9659-29d8a7aa0f21  |t 0 
952 f f |p normal  |a Texas A&M University  |b College Station  |c Sterling C. Evans Library  |d Evans: Library Stacks  |t 0  |e JQ1418 .E44 2019  |h Library of Congress classification  |i unmediated -- volume  |m A14850812208 
998 f f |a JQ1418 .E44 2019  |t 0  |l Evans: Library Stacks